| 000 | 00942nam a2200289 i 4500 | ||
|---|---|---|---|
| 001 | 73819 | ||
| 003 | ES-MaACL | ||
| 005 | 20240324063003.0 | ||
| 007 | t| | ||
| 008 | 040913s1960 sp ||||1| spa d | ||
| 017 |
_aB 8072-1960 _bOficina Depósito Legal Barcelona |
||
| 040 | _cES-MaACL | ||
| 080 | _a640.442(460.27 M.) | ||
| 100 | 1 |
_aGómez de la Serna, Ramón, _d1888-1963 _957901 _eaut |
|
| 245 | 1 | 0 |
_aPombo : _bbiografía del célebre café y de otros cafés famosos / _cRamón Gómez de la Serna. |
| 250 | _a1ª ed. | ||
| 260 |
_aBarcelona : _bJuventud, _c1960. |
||
| 300 |
_a222 páginas : _bilustraciones ; _c18 cm. |
||
| 490 | 1 |
_aColección Z ; _v57 |
|
| 610 | 2 | 4 |
_aCafé Pombo (Madrid) _9173820 |
| 650 | 7 |
_aCafés- _zMadrid _9151661 |
|
| 830 | 1 |
_aColección Z ; _v57 _9181242 |
|
| 852 | 4 |
_aES-MaACL _cMES _jC-19770 |
|
| 942 |
_cMONOGRAFIA _n0 |
||
| 999 |
_c73819 _d73819 |
||